Les faunes de mammifères de l'oligocène supérieur de la Limagne bourbonnaise ...

Disimpan dalam:
Butiran Bibliografi
Pengarang Utama: Viret, Jean.
Format: Buku
Bahasa:French
Diterbitkan: [Trévoux, Imp. de Trévoux, G. Patissier, 1928]
Siri:Geological pamphlets. Paleontology ; 1002.
Subjek-subjek:
Penanda-penanda: Tambah Penanda
Tiada Penanda, Jadilah orang pertama menanda rekod ini!
LEADER 00863nam a2200241M 4500
001 005482995-X
005 20020606163548.3
008 930929s1928 fr af 000 0 fre d
035 0 |a ocm29268268 
040 |a JHE  |c JHE  |d HMZ 
100 1 |a Viret, Jean. 
245 0 4 |a Les faunes de mammifères de l'oligocène supérieur de la Limagne bourbonnaise ... 
260 |a [Trévoux,  |b Imp. de Trévoux, G. Patissier,  |c 1928] 
300 |a 327, [1], viii p.  |b illus., XXXI (i.e. 32) pl. (1 double) double diagr.  |c 26 cm. 
490 1 |a Geological pamphlets. Paleontology ;  |v 1002 
502 |a Thèse - Lyon. 
504 |a "Principaux ouvrages consultés": p. [301]-305. 
650 0 |a Mammals, Fossil. 
650 0 |a Paleontology  |y Oligocene. 
650 0 |a Paleontology  |z France  |z Limagne. 
830 0 |a Geological pamphlets.  |p Paleontology ;  |v 1002. 
988 |a 20020608 
906 |0 OCLC